Normal view MARC view
  • Brotons Muñoz, Alfredo

Entry Nombre Personal

Number of records used in: 1

001 - NUMERO DE CONTROL

  • campo de control: 47802

003 - IDENTIFICADOR DE NUMERO DE CONTROL

  • campo de control: DLC

005 - FECHA Y HORA DE LA ÜLTIMA TRANSACCIÓN

  • campo de control: 20230213122646.0

008 - DATOS DE LONGITUD FIJA

  • campo de control de longitud fija: 081104nn aznnnaabn |a aaa c

010 ## - NÚMERO DE CONTROL DE LA BIBLIOTECA DEL CONGRESO

  • Número de control LC: no2008163090

024 7# - OTROS IDENTIFICADORES NORMALIZADOS

  • Número normalizado o código: 0000000059418824
  • Fuente: isni

024 7# - OTROS IDENTIFICADORES NORMALIZADOS

  • Número normalizado o código: http://www.isni.org/isni/0000000059418824
  • Fuente: uri

024 7# - OTROS IDENTIFICADORES NORMALIZADOS

  • Número normalizado o código: 20364079
  • Fuente: viaf

024 7# - OTROS IDENTIFICADORES NORMALIZADOS

  • Número normalizado o código: http://viaf.org/viaf/20364079
  • Fuente: uri

035 ## - NUMERO DE CONTROL

  • Número de control: (OCoLC)oca07927400

040 ## - FUENTE DE CATALOGACIÓN

  • Agencia original de catalogación: MXMxUNAM
  • Lenguaje de catalogación: spa
  • Description conventions: rda
  • Agencia de transcripción: MXMxUNAM
  • Agencia que lo modifica: MX-SlUA
  • Agencia que lo modifica: DLC
  • Agencia que lo modifica: NyNyDIG
  • Agencia que lo modifica: MX-MxUPN

046 ## - FECHAS CON CODIFICACIÓN ESPECIAL

  • Fecha de nacimiento: 1957
  • Fecha de muerte: 2016-07-22
  • Fuente del formato de fecha: edtf

100 1# - ENCABEZAMIENTO - NOMBRE PERSONAL

  • Nombre personal: Brotons Muñoz, Alfredo

370 ## - LUGAR ASOCIADO

  • Place of birth: Algemesí (España)

370 ## - LUGAR ASOCIADO

  • Place of death: Valencia (España)
  • Fuente del término: naf

372 ## - CAMPO DE ACTIVIDAD

  • Field of activity: Traducción e interpretación
  • Fuente del término: lemb

374 ## - OCUPACIÓN

  • Occupation: Traductores
  • Fuente del término: lemb

375 ## - GÉNERO

  • Gender: Masculino
  • Fuente del término: lcdgt

377 ## - LENGUA ASOCIADA

  • Language code: spa

400 1# - VEÁSE - NOMBRE DE PERSONA

  • Personal name: Muñoz, Alfredo Brotons

670 ## - FUENTE EN LA QUE SE LOCALIZARON DATOS

  • Cita de la fuente: Beethoven, 2003:
  • Información localizada: (Alfredo Brotons Muñoz )

670 ## - FUENTE EN LA QUE SE LOCALIZARON DATOS

  • Cita de la fuente: Leonardo da Vinci: las maravillosas obras de la naturaleza y del hombre, 2011:
  • Información localizada: portada (tr. Alfredo Brotons Muñoz)

670 ## - FUENTE EN LA QUE SE LOCALIZARON DATOS

  • Cita de la fuente: Wikipedia en español, visto May 15, 2018:
  • Información localizada: (Alfredo Brotons Muñoz; nació en Algemesí en 1957; murió en Valencia Julio 22, 2016; profesor, traductor)

670 ## - FUENTE EN LA QUE SE LOCALIZARON DATOS

  • Cita de la fuente: Vindicación de los derechos de la mujeres, 2014:
  • Información localizada: portada (Alfredo Brotons Muñoz)

902 ## - CATALOGADOR

  • Catalogador: VíctorGodínez/130223